00628nam a22001937a 4500003000900000008004100009020001500050040007100065082001900136100002200155245005100177260004500228300002800273440002700301650002100328650002400349650002400373700003700397AR-CdUCM190225b ||||| |||| 00| 0 spa d a9506140502 aMUNICIPALIDAD PROVINCIAL DEL CUSCOcBIBLIOTECA MUNICIPAL DEL CUSCO a848.94 /bSA26 aSartre, Jean Paul aLa mujerzuela respetuosa /aA puerta cerrada / aBuenos Aires : bEdiciones Orbis,c1983. a187 páginas ;c20 cm. aLos premios Nobel.n16 aTeatro francés aLiteratura Francesa aTeatro del siglo XX aBernárdez, Aurora (traductora)